000 01513cam a22004334i 4500
003 PE-LiUPU
005 20250731173131.0
008 150623s r 000 0 d
035 _a(Sirsi) a26319
040 _aPE-LiUPU
_bspa
_cPE-LiUPU
_erda
082 0 4 _a226.2
_bT88
_221
245 0 0 _aTwenty-six translations of the Bible :
_bNew Testament Mathew - Revelation.III /
_cCurtis Vaughan, ed.
264 1 _aChattanooga, TN :
_bAMG Publishers,
_c1985.
300 _a1237 páginas ;
_c23 cm.
336 _atext
_2rdacontent
337 _aunmediated
_2rdamedia
338 _avolume
_2rdacarrier
500 _aEn la cubierta: 26 Translations of the Holy Bible.
505 0 _aTwenty-six translations of the Bible.
526 _aSEG42
526 _aSEG41
526 _aSEG40
526 _aSEG39
526 _aP94
526 _aP87
526 _aP86
526 _aP85
526 _aP77
526 _aP76
526 _aP35
630 _aBiblia.
_pN.T.
_pMateo
_xComentarios.
630 _aBiblia.
_pN.T.
_pApocalipsis
_xComentarios.
700 1 _aCurtis Vaughan,
_eed.
942 _2ddc
_cBOOK
949 _a226.2 T88 III
_wDEWEY
_c1
_i51605
_lCCODEBUL1
_mBUL
_p15.00
_r0
_sY
_tBOOK
_u2015-06-24
_xTEOLOGIA
_PP35
_0COMPRA
_o.STAFF. Colección General
596 _a1
999 _a226.2 T88 III
_wDEWEY
_c33337
_i51605
_f2021-11-9
_g5
_lCCODEBUL1
_mBUL
_p15.00
_r0
_sY
_tBOOK
_u2015-6-24
_xTEOLOGIA
_PP35
_0COMPRA
_o.STAFF. Colección General
_d33337
980 _81
_gALBERTO SANCHEZ Responsable de Automatización